000 00693cab a2200265 4500
001 WB3514-13
008 090401t1999 xxu||||| |||| 00| 0 eng d
035 _a(Sirsi) u92760
041 _aeng
245 _aFears of slump recede
260 _c1999
350 _a0
490 _aGuardian
_v15 April 1999, 23(1)
520 _aLooks at the signs from the housing market and the City indicating that the UK economy has escaped recession.
650 _aCITY
650 _aECONOMY
650 _aHOUSE PRICES
650 _aHOUSING MARKET
650 _aPREDICTIONS
650 _aRECESSION
650 _aSLUMP
690 _aECONOMIC AND SOCIAL
942 _n0
948 _c15/04/1999
999 _c58796
_d58796